Counties of Wyoming - Statistics

General Stats
  • This quiz has been taken 14 times
  • The average score is 20 of 23
Answer Stats
Answer % Correct
Park
100%
Teton
100%
Albany
90%
Campbell
90%
Carbon
90%
Converse
90%
Goshen
90%
Hot Springs
90%
Johnson
90%
Laramie
90%
Natrona
90%
Sublette
90%
Sweetwater
90%
Big Horn
80%
Fremont
80%
Lincoln
80%
Niobrara
80%
Platte
80%
Sheridan
80%
Uinta
80%
Washakie
80%
Weston
80%
Crook
70%
No matching quizzes found
Score Distribution
Percent of People with Each Score
Percentile by Number Answered
Your Score History
You have not taken this quiz